00345nam a22001217a 4500003000400000008004100004020001800045100003600063245002800099250000800127260003800135650005000173OSt200702b ||||| |||| 00| 0 eng d a9789386700575 aSanjay G. Walode, Bidya Bhushan aPharmaceutical Analysis a5th aNew DelhibNirali Prakashanc2019 aPharmaceutical Analysis and Quality Assurance